Maturujem z ekonomiky a ekonómie
Salvato in:
| Autore principale: | |
|---|---|
| Altri autori: | , |
| Natura: | Libro |
| Lingua: | slovacco |
| Pubblicazione: |
Bratislava
Slovenské pedagogické nakladateľstvo
2014
|
| Edizione: | 1. vyd. |
| Soggetti: | |
| Tags: |
Nessun Tag, puoi essere il primo ad aggiungerne!!
|
MARC
| LEADER | 00000nam a2200000 4500 | ||
|---|---|---|---|
| 001 | 0186559 | ||
| 005 | 20240502073203.5 | ||
| 020 | |a 978-80-10-02575-6 | ||
| 041 | 0 | |a slo | |
| 044 | |a SK | ||
| 245 | 1 | 0 | |a Maturujem z ekonomiky a ekonómie |c Darina Orbánová, Ľudmila Velichová ; lektorovala: Oľga Ďuricová |
| 250 | |a 1. vyd. | ||
| 264 | 1 | |a Bratislava |b Slovenské pedagogické nakladateľstvo |c 2014 | |
| 300 | |a 175 s. [8,8 AH] | ||
| 610 | 2 | 0 | |a teórie ekonomické |
| 610 | 2 | 0 | |a ekonómia |
| 610 | 2 | 0 | |a podnik |
| 610 | 2 | 0 | |a podnikanie |
| 610 | 2 | 0 | |a styk platobný |
| 610 | 2 | 0 | |a výroba |
| 610 | 2 | 0 | |a obchod |
| 610 | 2 | 0 | |a sústava daňová |
| 610 | 2 | 0 | |a materiál |
| 610 | 2 | 0 | |a majetok dlhodobý |
| 610 | 2 | 0 | |a personalistika |
| 610 | 2 | 0 | |a odbyt |
| 610 | 2 | 0 | |a náklady |
| 610 | 2 | 0 | |a výnosy |
| 610 | 2 | 0 | |a výsledok hospodársky |
| 610 | 2 | 0 | |a hospodárenie finančné |
| 610 | 2 | 0 | |a sústava banková |
| 610 | 2 | 0 | |a papiere cenné |
| 610 | 2 | 0 | |a trh finančný |
| 610 | 2 | 0 | |a poisťovníctvo |
| 610 | 2 | 0 | |a manažment |
| 100 | 1 | |a Orbánová, Darina | |
| 700 | 1 | |a Velichová, Ľudmila | |
| 700 | 1 | |a Ďuricová, Oľga | |